000 00548nam a2200229Ia 4500
003 OSt
005 20221005120937.0
006 a|||||r|||| 00| 0
007 ta
008 221004b |||||||| |||| 00| 0 ben d
024 _a21883
037 _cTextual
040 _aCRL
_cCRL
_bben
041 _2ben
_aben
082 _aO157,3N51,FO, P3
100 _aBasar Abul
245 0 _aFulbou
260 _c2003
650 _aBENGALI LITERATURE
942 _hO157,3N51,FO, P3
_cTEXL
_2cc
999 _c1039623
_d1039623